Introducción a la topología algebraica

Đã lưu trong:
Chi tiết về thư mục
Tác giả chính: Keesee, John W
Định dạng: Sách
Ngôn ngữ:Tiếng Tây Ban Nha
Được phát hành: Madrid Alhambra 1971
Loạt:Exedra: Ciencia, Técnica, Ingeniería, 75. Matemáticas, 7
Những chủ đề:
Các nhãn: Thêm thẻ
Không có thẻ, Là người đầu tiên thẻ bản ghi này!

MARC

LEADER 00000nam a2200000 a 4500
001 UCL2569
003 CL-VaPUC
005 20230629111847.0
008 031024e19710000SP |||||||||||||||||spa|d
999 |c 305852  |d 305850 
040 |c Pontificia Universidad Católica de Valparaíso 
082 0 4 |a 514.2 KEE 1971  |2 21 
100 0 |a Keesee, John W  |9 479686 
245 1 0 |a Introducción a la topología algebraica 
260 |a Madrid  |b Alhambra  |c 1971 
300 |a 148 páginas 
490 0 |a Exedra: Ciencia, Técnica, Ingeniería, 75. Matemáticas, 7 
583 |a last modification  |c 20031024 00:00:00  |k Rodrigo Vera 
650 0 |a Topología algebraica   |9 269858 
942 |c BK  |2 ddc 
945 |d 20031024 00:00:00  |a cmena 
952 |0 0  |1 0  |2 ddc  |4 0  |6 514_200000000000000_KEE_1971  |7 0  |8 A  |9 370330  |a BIBCUR  |b BIBCUR  |d 2019-11-21  |i 2083736  |o 514.2 KEE 1971  |p 2083736  |r 2025-04-22  |t 1  |w 2019-11-21  |y BK  |k FIS 
952 |0 0  |1 0  |2 ddc  |4 0  |6 514_200000000000000_KEE_1971  |7 0  |8 A  |9 562172  |a BIBMAT  |b BIBMAT  |d 2020-03-27  |i 5618169  |o 514.2 KEE 1971  |p 5618169  |r 2025-01-07  |t 2  |w 2020-03-27  |y BK  |k MAT